Statistiques concernant Trouvez l'intrus : édition cris d'animaux

Cliquez ici pour prendre le quiz!

Statistiques générales

  • Ce quiz a été pris 52 fois
  • Le résultat moyen est 5 sur 10

Statistiques - réponses

QuestionRéponse% Correct
Quel cri le chat ne fait-il pas ?Vagissement
87%
Quel cri un oiseau ne fait-il pas ?Bourdonnement
83%
Quel cri le boeuf ne fait-il pas ?Butissement
61%
Quel cri le lapin ne fait-il pas ?Dodeldirement
48%
Quel cri la biche ne fait-elle pas ?Belottement
41%
Quel cri la cigale ne fait-elle pas ?Claquetement
41%
Quel cri le sanglier ne fait-il pas ?Gringotement
41%
Quel cri la poule ne fait-elle pas ?Concourègement
37%
Quel cri le hibou ne fait-il pas ?Frigulotement
13%
Quel cri la perdrix ne fait-elle pas ?Huissement
11%

Distribution des résultats

Percentile par nombre de réponses

% des personnes avec chaque résultat

Votre développement - résultats

Vous n’avez pas pris ce quiz